Scrambled Countries - Sudden Death - Statistics

General Stats
  • This quiz has been taken 259 times
  • The average score is 14 of 24
Answers on the Grid
Answers color-coded by a green-red scale on the quiz's grid according to % correct below.
zlibee
eyehleslsc
ndaaca
ocrcoom
keianur
shnoaurd
gaunay
alruagbi
yytasgnzrk
also
snpia
dach
oogt
ijfi
eeymn
awbbmzie
ekdranm
amli
itiehpao
ratanneig
praainv
hjeoac
ocsimallre
esba
yngamr
kdspaaa
innraol
weafa
uzramee
ragi
tmaasudciug
meeohnd
anelp
cgsmraadaa
oivsanle
aoarsdbb
 
Answer Stats
Answer % Correct
ijfi
93%
oogt
85%
dach
81%
ocrcoom
78%
amli
77%
zlibee
71%
awbbmzie
70%
ndaaca
70%
snpia
70%
yytasgnzrk
70%
gaunay
67%
eeymn
66%
anelp
62%
eyehleslsc
56%
also
55%
ekdranm
55%
cgsmraadaa
53%
alruagbi
50%
aoarsdbb
40%
keianur
34%
oivsanle
33%
itiehpao
31%
shnoaurd
22%
ratanneig
18%
No matching quizzes found
Score Distribution
Percent of People with Each Score
Percentile by Number Answered
Your Score History
You have not taken this quiz